000
00329pab a2200145 454500
008
180718b1988 xxu||||| |||| 00| 0 eng d
100
_a
Krishna Iyer, S.R.
245
_a
Banking need for aggressive publicity
260
_c
1988
300
_a
29-30
362
_a
20 Aug.
650
_a
Banks
773
_a
Commerce
909
_a
4231
999
_c
4231
_d
4231